Score 0/14 Timer 02:00
0 Plays Today
Day/Season Name % Correct
9Jack Bauer
81.8%
6Jack Bauer
64.5%
2David Palmer
60.3%
24: RedemptionJack Bauer
59.2%
1Teri Bauer
54.3%
9Audrey Raines Boudreau
45.4%
5Edgar Stiles
40.1%
Day/Season Name % Correct
7Renee Walker
35.6%
2George Mason
32.8%
8Renee Walker
31.4%
7Bill Buchanan
31.2%
8Omar Hassan
29.7%
3Ryan Chappelle
28.4%
24: LegacyRebecca Ingram
12.5%

You're not logged in!

Compare scores with friends on all Sporcle quizzes.
OR
Log In

Sporcle TV

Today on Sporcle TV


Watch our educational content, quiz creation guides, and fun videos on Sporcle TV.

Show Comments

Extras

Top Quizzes Today


Score Distribution

Paid Content

Your Account Isn't Verified!

In order to create a playlist on Sporcle, you need to verify the email address you used during registration. Go to your Sporcle Settings to finish the process.

Report this User

Report this user for behavior that violates our Community Guidelines.

Details: